000 00675nam a2200217Ii 4500
003 JO-AjNU
008 230605s9999||||xx |||||||||||||| ||und||
017 _a2012/6/2043
040 _aJO-AjNU
_bara
_erda
_cJO-AjNU
041 _aara
050 1 4 _aPJ7858.A53.S25 2012
100 3 _aتأليف القاسم، سميح,
_eauthor
_948342
245 0 0 _aهيرمافروديتوس (وقصائد أخرى)
250 _aط1
264 3 1 _aعمان:وزارة الثقافة،2012
300 _a159ص
336 _atext
_btxt
_2rdacontent
337 _aunmediated
_bn
_2rdamedia
338 _avolume
_bnc
_2rdacarrier
650 4 _aالشعر العربي - فلسطين
_948343
999 _aA21164
_c24732
_d24732